000 00466nam a2200181Ia 4500
001 11122
005 20260306161923.0
008 260306t1966||||xx |||||||||||||| ||spa||
041 _aESP
082 _a985.009
_bB141P
100 _aAlva Orlandini, Hernán
_eAUT
245 0 _aBiblioteca hombres del Perú:
_bA. de Humboldt; Enrique Meiggs
260 _c1966
300 _a106 páginas :
_c19 cm.
650 _aGEN
654 _aCHU
942 _cLIB
_dJUS
_fJUS
_2ddc
_n
999 _c11122
_d11122